[Event "Tata Steel-A 81st"]
[Site "Wijk aan Zee"]
[Date "2019.01.16"]
[Round "5"]
[White "Giri, Anish"]
[Black "Anand, Viswanathan"]
[Result "1/2-1/2"]
[WhiteElo "2783"]
[BlackElo "2773"]
[Annotator "Howell,David"]
[PlyCount "43"]
[EventDate "2019.01.12"]
[EventType "tourn"]
[EventRounds "13"]
[EventCountry "NED"]
[EventCategory "21"]
[SourceTitle "CBM 188"]
[Source "ChessBase"]
[SourceDate "2018.12.21"]
[SourceVersion "1"]
[SourceVersionDate "2018.12.21"]
[SourceQuality "1"]

1. e4 e5 2. Nf3 Nc6 3. Bc4 Bc5 4. c3 Nf6 5. d3 d6 6. O-O a6 7. a4 O-O 8. Re1 a5
$5 {A very modern idea in an opening that is evolving day by day. Grischuk is
credited with this plan, although it was played in a slightly different move
order. Black, bizarrely, moves the a-pawn for a second time in three moves. He
argues that White's 'extra' a2-a4 move is not as useful as it looks, and the
tempo was a worthwhile investment as he now takes the b4-square under control.}
(8... Ba7 {and}) (8... h6 {are both regularly seen alternatives.}) 9. h3 h6 10.
Nbd2 Be6 11. Bb5 Na7 12. d4 Nxb5 {This has all been seen before, with most of
the games featuring Maxime Vachier-Lagrave on the White side. There is now a
crossroads:} 13. axb5 {The most natural choice.} (13. dxc5 {Initially seems
innocent, but some strategic complexities lurk beneath the surface:} Na7 14. b3
$1 {An idea of MVL's.} Re8 (14... dxc5 15. Nxe5 $14) 15. cxd6 Qxd6 16. Ba3 {
and White exerts a modicum of pressure. Vachier-Lagrave has scored against
formidable opposition (Grischuk and Karjakin) from this position.}) 13... exd4
14. Nxd4 (14. cxd4 $6 Bb4 $15 {finally shows the idea behind Black's idea of
playing 8...a5. The b4-square is a strong outpost for the bishop.}) 14... Re8
15. Nf1 {Giri follows a game in which Leko beat Kasimzhanov in the 2018
Olympiad.} (15. N2f3 {is also worth considering.}) 15... Bc4 {Anand's prepared
improvement.} (15... Bd7 16. Ng3 c6 17. bxc6 Bxc6 18. Qf3 d5 19. e5 {
eventually led to a white win in Leko-Kasimzhanov, Batumi 2018.}) 16. Ng3 d5 {
Again this seems to be Anand's preparation, although I still find it hard to
believe he had memorised the entire messy variation that we will see below (if
White had played 20.Qg4).} (16... a4) ({or} 16... Qd7 {would have been
sensible alternatives.}) 17. e5 Ne4 18. Nxe4 dxe4 19. Rxe4 Qd5 {Anand was
still playing his moves at a brisk pace, which clearly unnerved Giri. Here he
paused for a deep think before opting for a suboptimal move:} 20. Qf3 $6 (20.
Qg4 $1 {was critical, and would have demanded great energy (and accuracy!)
from Anand to prove equality:} h5 $1 21. Qf4 Bd3 {(other moves exist, but this
is clearly the most forcing - in the style of Anand himself)} 22. Re3 Bxb5 23.
Rg3 Rxe5 24. Qf6 Re1+ 25. Kh2 Bf8 26. Nf5 Qe5 {and it appears that Black is
fine, although further analysis shows that the position is still full of
intrigue:} 27. Nh6+ Kh7 28. Qxf7 $1 Qe6 $8 29. Qxh5 gxh6 30. Qxb5 (30. Bxh6 {
leads to a beautiful variation:} Re5 31. Bg5+ Qh6 $8 32. Qf7+ Qg7 33. Qh5+ Qh6
{with a draw}) 30... Bd6 31. f4 Rg8 32. Qd3+ Rg6 33. h4 Qf6 34. h5 Qh4+ 35. Rh3
Bxf4+ 36. Bxf4 Qxf4+ 37. Rg3 Qh4+ 38. Rh3 Qf4+ {with a draw. Could Anand
really have analysed this deeply? Many of the above moves are forced, so it is
quite possible, although it would have been a great feat of memory to get this
far.}) 20... Bxd4 21. cxd4 (21. Rxd4 Qxf3 22. gxf3 Bxb5 $15 {Is very pleasant
for Black due to his superior pawn structure.}) 21... Re6 $1 22. Rf4 {And Giri
offered a draw, which was quickly accepted. To be honest, I would have been
very tempted to continue, as Black appears to be running no risk at all:} (22.
Rf4 Qxb5 $1 23. Qg3 (23. Rxf7 $2 {Perhaps Anand missed that this was
impossible, otherwise he might have played on:} Rg6 $1 $19 {with ...Bxf7 or ...
Bd5 to follow, Black is winning.}) 23... Rg6 24. Rg4 Raa6 $1 $15) 1/2-1/2

[Event "FIDE-Wch k.o."]
[Site "Moscow"]
[Date "2001.11.27"]
[Round "1.1"]
[White "Zhang, Pengxiang"]
[Black "Karpov, Anatoly"]
[Result "1/2-1/2"]
[WhiteElo "2530"]
[BlackElo "2692"]
[Annotator "Kostakiev,D"]
[PlyCount "80"]
[EventDate "2001.11.27"]
[EventType "k.o."]
[EventRounds "7"]
[EventCountry "RUS"]
[SourceTitle "CBM 086"]
[Source "ChessBase"]
[SourceDate "2002.02.05"]
[SourceVersion "1"]
[SourceVersionDate "2002.02.05"]
[SourceQuality "1"]

1. e4 e5 2. Nf3 Nc6 3. Bc4 Bc5 4. c3 Nf6 5. d3 d6 6. O-O O-O 7. Nbd2 a6 {
Involved in the practice by Albin 1894. Karpov has met that position already
third time.} 8. Bb3 (8. b4 Ba7 9. Bb3 Ne7 10. Nc4 Ng6 11. Ne3 c6 {1/2-1/2
Calvo Minguez,R-Karpov,A/Montilla 1976/MCD (45)}) 8... Ba7 (8... Be6 9. Bc2 Ba7
10. h3 {1-0 Hanham,J-Albin,A/New York 1894/HCL (34)}) ({Klovans always was big
opening specialit. He became 3 times world veteran's champion . So I draw your
attention to his move:} 8... b5 $5 $11 9. Bc2 Bb6 10. Nb3 Ne7 11. a4 Bb7 12.
Nh4 d5 {1/2-1/2 Bronstein,D-Klovans,J/Tbilisi 1973/MCD (35)}) 9. h3 h6 (9...
Be6 10. Bc2 d5 11. Re1 dxe4 12. dxe4 Nh5 13. Nf1 Qxd1 14. Rxd1 $11 {1/2-1/2
Karpov,A-Kortschnoj,V/Merano 1981/MainBase (84)}) 10. Re1 Re8 11. Nf1 Be6 12.
Be3 Bxe3 (12... d5 {Yudasin-Adams, EU Cup final 14th Belgrade 1999 CBM 69}) (
12... Bxb3 {Kaidanov-Malaniuk, WchT 4th Luzern 1997 CBM 62}) 13. Nxe3 Bxb3 ({
Very interesting is too} 13... d5 14. exd5 Nxd5 15. Nxd5 {1-0 Smagin,
S-Galdunts,S/Bad Wiessee 1999/EXT 2001 (27)} (15. Nc4 Nf4 $1 {The
counterattack is the best defence!} (15... f6 16. d4 $1 exd4 17. Nxd4 Nxd4)) (
15. d4 Nxe3 (15... e4 $6 {is not a successful change of the P structure for
Black.} 16. Bxd5 Bxd5 17. Nd2 $16))) 14. Qxb3 Rb8 15. Nd5 $146 (15. a4 Qd7 16.
a5 {1/2-1/2 Slobodjan,R-Stern,R/Schoeneck 1996/CBM 56 (24)}) 15... Nxd5 $11 16.
Qxd5 Ne7 17. Qb3 Ng6 18. g3 Qd7 19. Kg2 Kh8 20. d4 f5 21. dxe5 Nxe5 22. Nxe5
Rxe5 23. exf5 Qc6+ 24. Kg1 Rxf5 25. Re2 Rbf8 26. Qb4 Qd5 27. Rae1 a5 28. Qa4
Qc5 29. Qd4 Qxd4 30. cxd4 {"All R's endgames are draw!" Tartakover.} Kg8 31.
Rc2 c6 32. Re7 R8f7 33. Re8+ Kh7 34. Kg2 g5 35. Rce2 Kg7 36. R8e6 Rd5 37. R6e4
h5 38. Rc2 Kf8 39. Rce2 Kg7 40. Rc2 Kf8 1/2-1/2

[Event "Hamburg FIDE GP"]
[Site "Hamburg"]
[Date "2019.11.07"]
[Round "1.1"]
[White "Svidler, Peter"]
[Black "Harikrishna, Pentala"]
[Result "1-0"]
[WhiteElo "2719"]
[BlackElo "2731"]
[Annotator "Krasenkow,M"]
[PlyCount "93"]
[EventDate "2019.11.05"]
[EventType "k.o."]
[EventRounds "4"]
[EventCountry "GER"]
[SourceTitle "CBM 193"]
[Source "ChessBase"]
[SourceDate "2019.12.31"]
[SourceVersion "1"]
[SourceVersionDate "2019.12.31"]
[SourceQuality "1"]

{[%evp 0,93,19,31,36,58,8,18,31,12,17,17,14,10,38,26,33,25,13,15,0,4,30,19,8,4,
18,-31,-26,-19,0,0,0,0,-14,-20,29,26,12,23,18,24,24,24,30,37,48,40,40,41,47,56,
30,60,108,66,135,73,71,58,54,84,99,102,99,133,133,133,164,148,142,145,215,197,
197,179,179,177,192,198,198,139,144,198,175,155,155,228,238,239,236,238,254,
103,126,66]} 1. e4 e5 2. Nf3 Nc6 3. Bc4 Bc5 4. O-O Nf6 5. d3 d6 6. c3 a6 7. a4
{This plan has become popular in recent years.} h6 8. a5 O-O 9. h3 (9. Re1 Be6
(9... Ba7 10. Be3 Ne7 11. Bxa7 Rxa7 12. Nbd2 Ng6 13. d4 exd4 14. cxd4 d5 15.
exd5 Nxd5 {1-0 (45) Kosteniuk,A (2507)-Pogonina,N (2457) Izhevsk RUS 2019} 16.
Ne5 $14) 10. Nbd2 Qd7 11. Nf1 Ng4 12. Be3 Nxe3 13. Nxe3 Bxe3 14. Rxe3 Bxc4 15.
dxc4 f5 $132 {0-1 (39) Cori Quispe,K (2480)-Rajesh,V (2325) Barcelona 2018}) (
9. Nbd2 Ba7 (9... Be6 10. Bxe6 fxe6 11. Nc4 Ba7 12. Be3 Qe8 13. Bxa7 Rxa7 14.
Ne3 Qg6 15. g3 d5 16. exd5 exd5 17. d4 e4 18. Nh4 Qf7 19. f3 $16 {0-1 (39)
Tseshkovsky,V (2513)-Kaplan,S (2437) Biel 2007}) 10. Re1 Ne7 11. Nf1 (11. d4 {
1-0 (45) Nevednichy,V (2528)-Markidis,K (2329) Paleochora 2018} Nc6 $1 (11...
exd4 12. cxd4 d5 13. e5 $5) 12. d5 Ne7 $132 {[%cal Yc7c6]}) 11... Ng6 12. Ng3
c6 $11 13. Be3 $6 Bxe3 14. fxe3 d5 15. Bb3 Qc7 16. Qc2 Be6 17. c4 dxe4 18. dxe4
c5 19. Ne2 Ne7 20. Qc3 $17 {1/2 (20) Vovk,Y (2620)-Esipenko,A (2429)
Cappelle-la-Grande 2016}) 9... Ba7 10. Be3 d5 {The simplest way to equality.} (
10... Bd7 $6 11. Nbd2 Ne7 12. Re1 Ng6 13. d4 (13. Bxa7 $142 Rxa7 14. d4) 13...
exd4 14. cxd4 d5 15. exd5 Bb5 $11 {1-0 (27) Nevednichy,V (2548)-Georgiev,K 
(2623) Thessaloniki 2018}) 11. exd5 Nxd5 12. Bxa7 Rxa7 13. Re1 Nf4 14. Nxe5 {
Risky but, of course, Black has no problems after, say,} (14. Nbd2) 14... Qg5
15. Ng4 h5 $6 (15... Nxa5 $1 {was the right way. Black eliminates the most
dangerous enemy. After} 16. Ba2 (16. Re5 Bxg4 17. Rxg5 Bxd1 18. Rgxa5 Be2)
16... h5 17. Re5 Bxg4 18. Rxg5 Bxd1 19. Rxa5 b6 {etc. he has nothing to worry
about. After the text move it is more difficult for Black to bring his a7 rook
into play.}) 16. Ne3 Bxh3 (16... Nxh3+ 17. Kf1 Nf4 18. Nd2 $14) 17. Qf3 Ne5 18.
Qg3 Bg4 19. Nd5 $1 ({After} 19. Nd2 h4 20. Qh2 {Black's most accurate reply is}
Be6 $1 21. Ne4 (21. Bxe6 fxe6 {[%cal Gf8f2]} 22. d4 Ned3 23. Nf3 Qh5 {[%cal
Rd3e1,Rh4h3]} 24. Qxh4 Qxh4 25. Nxh4 Nxe1 26. Rxe1 Nd3 $1 27. Re2 c5 $15) 21...
Qh6 $13) 19... Nxc4 20. Qxf4 (20. Nxf4 h4 21. Qh2 Nd6 $11 ({rather than} 21...
Nxa5 22. Nd2 {[%cal Yd2e4]})) 20... Qxf4 21. Nxf4 Nxb2 22. Ra2 g5 23. Rxb2 gxf4
24. Re5 Rd8 (24... b6 25. f3 (25. axb6 Rb7) 25... Be6 26. Nd2 Rd8 27. d4 bxa5
28. Rxa5 Rd5 29. Ra3 $14 {[%cal Yd2e4] Engines may show equality but in fact
Black faces serious problems due to his destroyed pawn structure.}) 25. d4 Rd6
({If now} 25... b6 26. axb6 Rb7 {then simply} 27. bxc7 {Perhaps it was the
lesser evil for Black, though, as his rook is in play after} Rxc7) 26. f3 Bd7
27. Nd2 b6 28. Ne4 Rg6 $6 {Black's rook is out of play here. Two passive rooks
are too much!} (28... Re6 $142 29. Rxh5 Kg7 $16) 29. Re7 Bb5 (29... Bf5 30.
axb6 Rb7 31. Rxc7 Rbxb6 32. Rxb6 Rxb6 33. c4 $16 {/+-}) 30. d5 $1 f5 31. axb6 (
31. d6 $1 fxe4 32. dxc7 {was winning at once here, e.g.} Ra8 (32... Rc6 33.
axb6 Rb7 34. c8=Q+ Rxc8 35. Rxb7) 33. Rxb5 axb5 34. Rd7 Rf8 (34... Rc6 35. axb6
) (34... Rf6 35. Rd8+ Rf8 36. Rxa8 Rxa8 37. axb6) 35. Rd8 Rc6 36. axb6 $18)
31... Rxb6 32. Nc5 Kf8 33. Rh7 Kg8 34. Rxh5 Bc4 35. Rd2 Rd6 (35... a5 {was
Black's last chance to create counterplay although after} 36. Rg5+ Kh7 (36...
Kh8 37. Rd4 $5 Ba2 38. Rxf4 Rh6 39. Rfxf5) 37. Rxf5 a4 38. Rxf4 a3 39. Rxc4 a2
40. Rxa2 Rxa2 41. Ne6 {White should win.}) 36. Rxf5 c6 37. Ne4 $1 Rxd5 38. Nf6+
Kg7 39. Nxd5 cxd5 40. Rd4 a5 41. Rdxf4 Kg6 (41... a4 42. Rg5+ Kh8 (42... Kh6
43. Rg3 Kh5 44. Rfg4 $18) 43. Rh4+ Rh7 44. Rgh5 {etc.}) 42. Rf8 Kg7 43. Rb8 a4
44. Rff8 d4 (44... a3 45. Ra8) 45. cxd4 Bd5 46. Rfd8 a3 47. Rxd5 (47. Rxd5 a2
48. Rd7+ Rxd7 49. Ra8 $18) 1-0

[Event "Moscow Aeroflot op-A 18th"]
[Site "Moscow"]
[Date "2019.02.23"]
[Round "4"]
[White "Fier, Alexandr"]
[Black "Safarli, Eltaj"]
[Result "1-0"]
[WhiteElo "2561"]
[BlackElo "2681"]
[Annotator "Krasenkow,M"]
[PlyCount "77"]
[EventDate "2019.02.20"]
[EventType "swiss"]
[EventRounds "9"]
[EventCountry "RUS"]
[SourceTitle "CBM 189"]
[Source "ChessBase"]
[SourceDate "2019.04.29"]
[SourceVersion "1"]
[SourceVersionDate "2019.04.29"]
[SourceQuality "1"]

{[%evp 0,77,29,18,22,25,12,17,7,-7,-12,-12,-8,-9,-9,1,-15,-12,-12,-7,0,-11,-5,
9,8,-3,16,12,11,1,26,11,35,50,63,69,76,81,79,0,52,38,30,32,38,25,0,42,6,0,131,
192,115,106,197,222,248,259,243,237,264,274,353,343,344,337,366,355,355,339,
389,381,431,381,387,367,432,449,455,453]} 1. e4 e5 2. Nf3 Nc6 3. Bc4 Bc5 4. c3
Nf6 5. d4 exd4 6. e5 d5 7. Bb5 Ne4 8. cxd4 Bb6 9. Nc3 O-O 10. Be3 Bg4 11. h3
Bh5 12. Qc2 Ba5 {A relatively rare move, instead of the usual} (12... Bg6) 13.
Bxc6 (13. O-O {can lead to a forced draw after} Bxf3 (13... Bxc3 $5 14. bxc3
Na5 15. Nd2 Bg6 16. Qb2 c6 17. Be2 f5 $13 {1/2 (24) Najer,E (2693)-Rodshtein,M
(2688) Czech Republic 2017}) 14. gxf3 Nxd4 $1 15. Bxd4 Qg5+ (15... Bxc3 $143 $2
16. Be3 $1) 16. Kh1 Bxc3 17. bxc3 Qf5 18. Kg2 Qg5+ 19. Kh1 Qf5 {1/2 (19)
Hracek,Z (2582)-Dragnev,V (2485) Le Castella 2018}) (13. a3 f6 14. Bxc6 Bxc3+
15. bxc3 bxc6 16. Nd2 Bg6 $36 17. Qa4 $6 {1/2 (37) Maze,S (2612)-Gozzoli,Y 
(2592) Agen 2017} Nxd2 18. Bxd2 Bd3 $1 19. Qxc6 Re8 $40) (13. Be2 Bg6 (13... f6
$5) 14. Qb3 Bxc3+ 15. bxc3 Na5 16. Qb4 b6 17. O-O Rc8 18. Rfd1 Re8 19. Rac1 c6
$13 {1/2 (42) Forcen Esteban,D (2528)-Anton Guijarro,D (2656) Las Palmas 2017})
13... bxc6 14. O-O (14. Nd2 Bxc3 (14... Bg6 $5) 15. bxc3 Bg6 16. Qc1 c5 17. O-O
c4 18. Kh2 Rb8 $132 {1/2 (39) Bulmaga,I (2394)-Muzychuk,A (2555) Batumi GEO
2018}) 14... Bxc3 15. bxc3 f5 $5 (15... Bxf3 16. gxf3 Ng5 17. Kg2 {[%cal Yf3f4]
} (17. f4 Nf3+ 18. Kg2 Nh4+ 19. Kh2 {1-0 (39) Kollars,D (2562)-Holm,K (2468)
chess.com INT 2019} Qd7 $15) 17... f5 $13) 16. Nd2 f4 17. Nxe4 dxe4 18. Bc1 Bg6
$132 19. f3 (19. Kh2 $13) 19... exf3 $6 (19... e3 $1 $36 {[%csl Ge3]}) 20. Qb3+
Kh8 21. Rxf3 {[%csl Rf4]} Rb8 22. Qa3 $6 (22. Qe6 $5) 22... Qh4 23. Bd2 Be4 24.
Rf2 Bxg2 $2 {[%mdl 512] An incorrect sacrifice. Eltaj Safarli misses something.
} (24... Rf5 {, and the initiative belongs to Black.}) 25. Rxg2 f3 26. Be1 $1
Qf4 $2 (26... Qxh3 $142 27. Rg3 Qf5 28. Bf2 g5 {, and the position remains
tense.}) 27. Rh2 Rf5 28. Qc1 Qe4 29. Bg3 Qd3 30. Rf2 $18 {White has protected
everything and keeps a decisive material advantage.} Rh5 31. Qf4 Rf5 32. Qd2
Qc4 33. Qe3 c5 34. dxc5 Rbf8 35. Raf1 Kg8 36. Rxf3 Rxf3 37. Rxf3 Re8 38. Rf2 h6
39. Kh2 1-0

[Event "Vilnius Mikenas Memorial op"]
[Site "Vilnius"]
[Date "1997.??.??"]
[Round "4"]
[White "Sveshnikov, Evgeny"]
[Black "Krasenkow, Michal"]
[Result "0-1"]
[WhiteElo "2560"]
[BlackElo "2615"]
[Annotator "Krasenkow,M"]
[PlyCount "74"]
[EventDate "1997.??.??"]
[EventType "swiss"]
[EventRounds "9"]
[EventCountry "LTU"]
[SourceTitle "EXT 1998"]
[Source "ChessBase"]
[SourceDate "1997.11.17"]
[SourceVersion "1"]
[SourceVersionDate "1997.11.17"]
[SourceQuality "1"]

1. e4 e5 2. Nf3 Nc6 3. Bc4 Bc5 4. c3 Nf6 5. d4 exd4 6. e5 d5 7. Bb5 Ne4 8. cxd4
Bb4+ 9. Nbd2 Bd7 10. O-O O-O 11. Nxe4 $5 (11. a3 $11) 11... dxe4 12. Ng5 Nxe5 (
12... Bf5 $5 13. Bxc6 bxc6 14. f3 $5 (14. Be3 $6 Be7 (14... h6 $2 15. g4 Bc8 (
15... Bg6 16. Nh3 $14) 16. Nxe4 Ba6 17. f4 Bxf1 18. Qxf1 $44) 15. Qh5 $140 Qd7
$17) 14... exf3 15. Nxf3 $11) 13. Qa4 $1 (13. dxe5 $2 Bxb5 14. Qh5 h6 15. Rd1
g6 $1 16. Rxd8 Rfxd8 17. Qg4 h5 $19) (13. Bxd7 Nxd7 14. Nxe4 Nb6 15. Nc5 Qd5
16. Qb3 (16. Be3 Nc4 $17) 16... Bxc5 17. Qxd5 Nxd5 18. dxc5 Rfe8 $15) 13...
Bxb5 (13... Be7 $2 14. dxe5 Bxb5 15. Qxb5 Bxg5 16. Qxb7 $14) 14. Qxb5 Nd3 15.
Be3 Qe7 16. f3 {xNd3} (16. Qxb7 Rae8 $5 (16... f5 17. Qd5+ Kh8 18. Ne6 Rfe8 (
18... Qf7 $6 19. Qc6 Rfe8 20. d5 {/\21.Bd4|^}) 19. Ng5 Rf8 $11) 17. Qxa7 f5 $36
) 16... c6 17. Qc4 b5 $1 (17... Nxb2 $2 18. Qb3 Nd3 (18... exf3 19. Rxf3 h6 20.
Nh3 $18) 19. Nxe4 $18) 18. Qxc6 $6 (18. Qc2 c5 19. dxc5 $8 (19. Nxe4 $2 c4 $17)
(19. fxe4 $2 cxd4 20. Bxd4 Ne1 $1 $19) 19... Bxc5 20. Bxc5 Qxc5+ 21. Qxc5 Nxc5
22. Nxe4 Nxe4 23. fxe4 $11) 18... exf3 19. Rxf3 (19. Qxf3 Rae8 20. Bf4 Nxb2 $17
) 19... Ne1 $1 20. Rg3 $2 (20. Rxe1 Bxe1 $19) (20. Rh3 $1 h6 (20... Rac8 21.
Qxb5 h6 22. a3 $1 Nc2 (22... hxg5 23. Qxb4) 23. Qd3 g6 (23... f5 24. Qb3+ Kh8
25. Rf1) 24. Rf1 $1 $11) 21. a3 $1 (21. Qe4 Qxe4 22. Nxe4 Rfe8 $19) 21... hxg5
22. axb4 g4 23. Rg3 Rac8 24. Qxb5 Nc2 (24... Nf3+ $2 25. gxf3 Qxe3+ 26. Kh1
gxf3 27. Rag1 $40) 25. Rf1 Nxe3 26. Re1 Qd6 27. Rgxe3 Qxd4 28. Qe5 Qxb4 29. Re4
Qb6+ 30. Qd4 $15) 20... Rac8 21. Qxb5 (21. Qe4 Qxe4 22. Nxe4 f5 23. Nc3 (23. a3
$2 Nc2 24. Rf1 Be1 $19) 23... f4 (23... Bxc3 24. bxc3 Nc2 25. Rc1 Rxc3 26. Bf2
Rc4 $17) 24. Bxf4 Rxf4 25. Rxe1 Rxd4 $17 {/\26...Rd2} 26. Re2 $140 (26. Rge3
Rd2 27. Re8+ Rxe8 28. Rxe8+ Kf7 $19) 26... Bc5 27. Kf1 b4 28. Na4 (28. Ne4 Rd1+
29. Re1 Rxe1+ 30. Kxe1 Re8 31. Rg4 h5 $19) 28... Bd6 $17) 21... h6 $1 (21...
Nc2 $2 22. Qd3 g6 23. Rf1 (23. Rd1 $2 Bd6 24. Rh3 Nxe3 25. Qxe3 Qxe3+ 26. Rxe3
Bf4) 23... Nxe3 24. Qxe3 Qxe3+ 25. Rxe3 Bd2 26. Rg3 Rc2 27. Ne4 $11 Rxb2 28.
Rf2) 22. Nh3 (22. a3 Nc2 23. Rd1 Bd6 $19 {xRg3}) 22... Nc2 23. Bxh6 Nxa1 24.
Qf1 (24. Rxg7+ Kh8 25. Qf1 Rc6 $1 26. Ng5 (26. Bg5 Qe1) 26... Rxh6 27. Rxf7 Rf6
$1 $19) 24... g6 (24... Qe1 $4 25. Qxe1 Bxe1 26. Rxg7+ Kh8 27. Ng5 $11) 25.
Qxa1 (25. Bxf8 Qxf8 26. Qxa1 Qh6 27. Rg5 (27. Ng5 Bd2 $19) 27... Be7 $19) 25...
Rfe8 26. Be3 (26. a3 Qe1+ 27. Qxe1 Rxe1+ 28. Kf2 Rc2+ 29. Kf3 Bd2 $19) 26...
Qxe3+ $1 27. Rxe3 Rxe3 28. Kf2 Re1 29. Qxe1 Bxe1+ 30. Kxe1 Rc2 $19 31. Nf4 Rxb2
32. h4 Rxa2 33. g4 a5 34. h5 a4 35. hxg6 a3 36. gxf7+ Kxf7 37. Nd3 Rh2 0-1